| 000 | 00657nam a2200205 a 4500 | ||
|---|---|---|---|
| 001 | 2214 | ||
| 003 | CO-ViMGA | ||
| 008 | 141112s2004 ck r 000 u spa d | ||
| 040 |
_aCO-ViMGA _bspa _cCO-ViMGA |
||
| 082 | 0 | 4 | _a027.2 A481 |
| 100 | 1 | _aCERLALC | |
| 245 | 1 | 0 |
_aLectura biblioteca y comunidad. Tres estudios / _cAgudelo Guevara Alvaro , Mejia Myriam |
| 260 |
_aSantafé de Bogotá : _bCerlalc, _c1993 |
||
| 300 | _a300 p | ||
| 490 | _aLatinoaméricana para la promoción de la lectura | ||
| 590 | _aDatos de inventario : 05782 - - Ejemplares : 2 | ||
| 650 | 1 | 4 |
_aBIBLIOTECAS PUBLICAS _98040 |
| 650 | 1 | 4 |
_aLECTURA - TECNICAS _95195 |
| 942 |
_2ddc _cBK |
||
| 999 |
_c14319 _d14319 |
||